[Event "CSR-ch"]
[Site "Luhacovice"]
[Date "1971.??.??"]
[Round "2"]
[White "Kupka, Slavoj"]
[Black "Kostro, Jerzy"]
[Result "1/2-1/2"]
[WhiteElo "2375"]
[BlackElo "2385"]

1.Nf3 d5 2.g3 Nf6 3.Bg2 g6 4.O-O Bg7 5.d3 O-O 6.Nbd2 Nc6 7.c3 e5 8.Qc2 a5
9.e4 dxe4 10.dxe4 b6 11.Rd1 Qe7 12.Nf1 Ba6 13.Bg5 h6 14.Bxf6 Qxf6 15.Ne3 Ne7
16.Nd2 Rad8 17.Ndc4 Bxc4 18.Nxc4 Nc8 19.Bh3 Nd6 20.Nxd6 Rxd6 21.Rxd6 Qxd6
22.Rd1 Qc6 23.Bd7 Qf6 24.Kg2 Rd8 25.Rd5 Bf8 26.a3 Bd6 27.Bc6 Bc5 28.b4 Rxd5
29.Bxd5 Bd6 30.Qa4 Qe7 31.Qc6 Kg7 32.Bc4 h5 33.h4 axb4 34.cxb4 Qd8 35.Kf1 Qc8
36.Kg2 Qd8 37.Qd5 Qd7 38.Bb5 Qe6 39.Qxe6 fxe6 40.Bc6 Be7 41.Kf1 g5 42.hxg5 Bxg5
43.Ke2 h4 44.gxh4 Bxh4 45.a4 Be7 46.a5 bxa5 47.bxa5 Bc5 48.f3 Kf6 49.Kd3 Ke7
50.Kc4 Kd6 51.Kb5 Be3 52.Bb7 Bf2 53.Bc6  1/2-1/2

[Event "Mar del Plata"]
[Site "Mar del Plata"]
[Date "1971.??.??"]
[Round "4"]
[White "Quinteros, Miguel A"]
[Black "Polugaevsky, Lev"]
[Result "0-1"]
[WhiteElo "2465"]
[BlackElo "2640"]

1.Nf3 d5 2.g3 Nf6 3.Bg2 c6 4.b3 Bf5 5.Bb2 e6 6.O-O h6 7.d3 Be7 8.Nfd2 O-O
9.e4 Bh7 10.Qe2 a5 11.a4 Na6 12.e5 Nd7 13.f4 b5 14.Nc3 Nb4 15.Nf3 Nc5 16.axb5 cxb5
17.d4 Nxc2 18.dxc5 Bxc5+ 19.Kh1 d4 20.Nxb5 d3 21.Qd2 Rb8 22.Nd6 Nxa1 23.Rxa1 Rxb3
24.Nd4 Rb6 25.Bc3 Bxd6 26.exd6 Qxd6 27.h4 e5 28.fxe5 Qxe5 29.Kh2 Rg6 30.Qf2 Qc5
31.Qd2 Rg4 32.Rxa5 Qc7 33.Qe1 d2 34.Qxd2 Qxg3+ 35.Kg1 Be4 36.Ra2  0-1

[Event "Novy Smokovec"]
[Site "Novy Smokovec"]
[Date "1971.??.??"]
[Round "3"]
[White "Flesch, Janos"]
[Black "Zilberstein, Valery I"]
[Result "0-1"]
[WhiteElo "2430"]
[BlackElo "2200"]

1.Nf3 d5 2.g3 g6 3.Bg2 Bg7 4.O-O e5 5.d3 Ne7 6.e4 O-O 7.Nc3 c6 8.Re1 d4 9.Ne2 c5
10.Nd2 Nbc6 11.a4 Be6 12.f4 f6 13.Nf3 h6 14.h3 c4 15.Bd2 cxd3 16.cxd3 Qd6
17.g4 Bf7 18.fxe5 fxe5 19.Rf1 Nb4 20.Ne1 Nec6 21.a5 b5 22.axb6 axb6 23.Ra3 Ra5
24.Nc1 Rfa8 25.Rxa5 bxa5 26.Qa4 Qe6 27.Bf3 Na6 28.Bd1 Nc5 29.Qa3 Qe7 30.Nb3 Nb7
31.Qa4 Qc7 32.Nc2 Qb6 33.Na3 Nd6 34.Nc1 Rb8 35.Rf2 Qxb2 36.Bxh6 Qb4 37.Bxg7 Kxg7
38.Qxc6 Qxa3 39.Qc7 Rb7 40.Qc2 Qc3 41.Kg2 Rc7 42.Qxc3 Rxc3 43.Rc2 Nb5 44.Rxc3 Nxc3
45.Bb3 Bxb3 46.Nxb3 a4 47.Nc5 a3 48.Kf2 a2 49.Nb3 Kh6 50.h4 Nd1+ 51.Kf3 Ne3
52.Na1 Nf1 53.Kf2 Ne3 54.Kf3 g5 55.h5 Kg7 56.Kg3 Kf7 57.Kf3 Kf6 58.Kg3 Nd1
59.Kf3 Nc3 60.Kf2 Nb5 61.Ke2 Nc7 62.Kd2 Ne6 63.Nb3 Nf4 64.Na1 Ng2 65.Ke2 Kg7  0-1

[Event "Rubinstein mem"]
[Site "Polanica Zdroj"]
[Date "1971.??.??"]
[Round "11"]
[White "Schmidt, Wlodzimierz"]
[Black "Grabczewski, Romuald"]
[Result "1/2-1/2"]
[WhiteElo "2450"]
[BlackElo "2370"]

1.Nf3 d5 2.g3 g6 3.d4 Bg7 4.Bg2 Nh6 5.Nbd2 Nf5 6.c3 O-O 7.O-O Nd6 8.Ne5 c6
9.e4 Nxe4 10.Nxe4 dxe4 11.Bxe4 Be6 12.Bf4 Nd7 13.Nd3 Nf6 14.Bg2 Bd5 15.Bh3 a5
16.Re1 a4 17.Nc5 Qa5 18.Bd2 b6 19.c4 Qa7 20.Nd7 Bxc4 21.Nxf8 Rxf8 22.Qc1 Bd5
23.Bh6 Bxh6 24.Qxh6 e6 25.Qf4 Nd7 26.a3 b5 27.Rac1 Nb6 28.Bg2 Nc4 29.Bxd5 cxd5
30.Re2 Qb6 31.Qf6 b4 32.axb4 Qxb4 33.h4 Rb8 34.h5 Qf8 35.Rec2 Qg7 36.Qxg7+ Kxg7
37.hxg6 hxg6 38.Ra1 Rb4 39.Ra2 Nd6 40.Rc6 Nf5 41.Ra6 Rxd4 42.R6xa4 Rd1+ 43.Kg2 e5
44.Ra1 Rd2 45.R4a2 Rd3 46.Ra3 Rd2 47.R3a2  1/2-1/2

[Event "Rubinstein mem"]
[Site "Polanica Zdroj"]
[Date "1971.??.??"]
[Round "15"]
[White "Schmidt, Wlodzimierz"]
[Black "Zaitsev, Alexander N"]
[Result "1-0"]
[WhiteElo "2450"]
[BlackElo "2530"]

1.Nf3 d5 2.g3 c6 3.Bg2 Bg4 4.b3 Nf6 5.Bb2 e6 6.O-O Nbd7 7.c4 Be7 8.d4 O-O
9.Nbd2 Qb6 10.Ne5 Nxe5 11.dxe5 Nd7 12.h3 Bh5 13.cxd5 cxd5 14.g4 Bg6 15.e4 dxe4
16.Nxe4 Rfd8 17.Qe2 Rac8 18.Rfd1 Qa5 19.f4 Nb6 20.Rxd8+ Rxd8 21.Bc3 Bb4 22.Rd1 Nd5
23.Bxb4 Qxb4 24.f5 Qb6+ 25.Qf2 Qxf2+ 26.Nxf2 exf5 27.Bxd5  1-0

[Event "Rubinstein mem"]
[Site "Polanica Zdroj"]
[Date "1971.??.??"]
[Round "15"]
[White "Spiridonov, Nikola"]
[Black "Pfleger, Helmut"]
[Result "0-1"]
[WhiteElo "2450"]
[BlackElo "2515"]

1.Nf3 d5 2.g3 c5 3.Bg2 Nc6 4.d4 Nf6 5.O-O e6 6.c4 Be7 7.Nc3 cxd4 8.Nxd4 O-O
9.e4 dxc4 10.Nxc6 bxc6 11.Qa4 Qb6 12.Rb1 e5 13.Bg5 h6 14.Bxf6 Bxf6 15.Rfc1 Rd8
16.Rc2 Be6 17.Bf1 Rd4 18.Ne2 Rd6 19.Nc3 Rd4 20.Ne2 Rd3 21.Nc3 Rad8 22.Bxd3 cxd3
23.Rd2 Bg5 24.Rdd1 Bg4 25.h4 Be3 26.Rf1 Rd4 27.Qa3 Bd2 28.Qe7 Qb8 29.f3 Be6
30.Rfd1 Be3+ 31.Kg2 Rd6 32.b3 d2 33.Rb2 a5 34.Rc2 Kh7 35.Kf1 Rd7 36.Qa3 Qb6
37.Kg2 Qa6 38.Qb2 Qd3 39.Qb1 Rd4 40.Rf1 g6 41.Qd1 Bc8 42.Rh1 Ba6 43.Rh2 h5
44.Kh1 a4 45.Rg2 axb3 46.axb3 Kg7 47.Kh2 Kf8 48.Qb1 g5 49.Nd1 gxh4 50.Nxe3 hxg3+
51.Kxg3 Qxe3 52.Qd1 Qe1+  0-1

[Event "Birmingham"]
[Site "Birmingham"]
[Date "1972.04.07"]
[Round "13"]
[White "Dunkelblum, Arthur"]
[Black "Clarke, Peter H"]
[Result "1/2-1/2"]
[WhiteElo "2250"]
[BlackElo "2380"]

1.Nf3 d5 2.g3 Nf6 3.Bg2 g6 4.O-O Bg7 5.d4 O-O 6.c4 c6 7.cxd5 cxd5 8.Ne5 e6
9.Nc3 Nfd7 10.Nxd7 Bxd7 11.e3 Nc6 12.b3 Qa5  1/2-1/2

[Event "Buenos Aires CA"]
[Site "Buenos Aires"]
[Date "1972.??.??"]
[Round "8"]
[White "Rubinetti, Jorge A"]
[Black "Pilnik, Herman"]
[Result "0-1"]
[WhiteElo "2410"]
[BlackElo "2450"]

1.Nf3 d5 2.g3 Nf6 3.Bg2 g6 4.b4 Bg7 5.Bb2 O-O 6.O-O Nbd7 7.Qc1 c5 8.bxc5 Nxc5
9.d3 b6 10.Nbd2 Bb7 11.c4 Rc8 12.Qd1 dxc4 13.Nxc4 b5 14.Ne3 Na4 15.Be5 Rc5
16.d4 Rc8 17.Qd3 a6 18.Rfc1 Qd7 19.Nd2 Rfd8 20.Nb3 Bxg2 21.Kxg2 Nb2 22.Qb1 Nc4
23.Nxc4 bxc4 24.Nd2 Bh6 25.e3 Ng4 26.Nf3 f6 27.h3 Nxf2 28.Kxf2 fxe5 29.Qe4 exd4
30.Nxd4 Bg7 31.Rd1 Qxh3 32.Rh1 Qd7 33.Rad1 Qd5 34.Qh4 Rf8+ 35.Kg1 h5 36.Qxe7 Rce8
37.Qc7  0-1

[Event "Hastings7273"]
[Site "Hastings"]
[Date "1972.??.??"]
[Round "3"]
[White "Andersson, Ulf"]
[Black "Barcza, Gedeon"]
[Result "1-0"]
[WhiteElo "2535"]
[BlackElo "2465"]

1.Nf3 d5 2.g3 g6 3.Bg2 Bg7 4.c4 c6 5.d4 Nf6 6.O-O O-O 7.cxd5 cxd5 8.Ne5 b6
9.Nc3 Bb7 10.Bf4 e6 11.Rc1 Ne8 12.Qa4 Nd6 13.Rfd1 g5 14.Bd2 f6 15.Nd3 Qd7
16.e3 Rc8 17.Qxd7 Nxd7 18.Bf1 Bf8 19.Be1 Kf7 20.Be2 Ke8 21.b3 Kd8 22.g4 Ne8
23.Nb1 Rxc1 24.Rxc1 Rc8 25.Rxc8+ Kxc8 26.f3 Bd6 27.h4 h6 28.Nc3 Nc7 29.f4 Kd8
30.Bg3 Ke7 31.Kf2 Kf7 32.fxg5 Bxg3+ 33.Kxg3 fxg5 34.hxg5 hxg5 35.Ne1 Bc6
36.Nf3 Kf6 37.Bd3 a6 38.Kf2 Ba8 39.Ne2 Nb5 40.Bxb5 axb5 41.Neg1 Nb8 42.Nh3 Nc6
43.Nhxg5 Nb4 44.a3 Nc2 45.Nh3 Bc6 46.g5+ Kf5 47.g6 Be8 48.Nf4 Nxa3 49.Ne5 Kf6
50.Nh5+ Ke7 51.g7 Bf7 52.Ng4 Nc2 53.Nhf6 Na1 54.g8=Q Bxg8 55.Nxg8+ Kf7 56.N8f6 Ke7
57.b4 Nc2 58.Nh5 Nxb4 59.Ke2 Nc6 60.Nf4 Na5 61.Nd3 Nc4 62.Kd1 Nd6 63.Kc2 Kd7
64.Nde5+ Kc7 65.Kc3 Ne4+ 66.Kb3 Nd6 67.Kb4 Kd8 68.Nc6+ Ke8 69.Na7 Kf7 70.Nxb5 Ne8
71.Kc3 Kg6 72.Kd3 Kg5 73.Ne5 Kf6 74.Nd7+ Kf5 75.Ke2 Kg4 76.Kf2 Ng7 77.Nd6 Nh5
78.Kg2 Kh4 79.Kf3 Kg5 80.Nxb6 Nf6 81.Na4 e5 82.Nf7+  1-0

[Event "Hastings7273"]
[Site "Hastings"]
[Date "1972.??.??"]
[Round "14"]
[White "Andersson, Ulf"]
[Black "Smyslov, Vassily"]
[Result "1/2-1/2"]
[WhiteElo "2535"]
[BlackElo "2620"]

1.Nf3 d5 2.g3 Bg4 3.Bg2 Nd7 4.c4 e6 5.O-O c6 6.d4 Ngf6 7.Nbd2 Be7 8.b3 O-O
9.Bb2 a5 10.Ne5 Nxe5 11.dxe5 Nd7 12.h3 Bh5 13.g4 Bg6 14.e4 dxe4 15.Nxe4 Nc5
16.Nd6 Nd3 17.Ba3 Nxe5 18.f4 Nd3 19.c5 Bxd6 20.cxd6 Qb6+ 21.Kh2 Qd4 22.Rc1 Qf6
23.g5 Qf5 24.Rc4 Nb4 25.Bb2  1/2-1/2

[Event "Helsinki zt"]
[Site "Helsinki"]
[Date "1972.??.??"]
[Round "5"]
[White "Jacobsen, Bo"]
[Black "Hennings, Artur"]
[Result "0-1"]
[WhiteElo "2310"]
[BlackElo "2475"]

1.Nf3 d5 2.g3 c6 3.Bg2 Bg4 4.d3 Nd7 5.Nbd2 e6 6.h3 Bh5 7.c3 Bd6 8.Qc2 Ne7
9.O-O Qb6 10.Kh1 O-O 11.e4 f5 12.exf5 exf5 13.Nb3 Bxf3 14.Bxf3 f4 15.Bg4 Nf6
16.Be6+ Kh8 17.gxf4 Nh5 18.Be3 Qc7 19.Bg4 Nxf4 20.Bxf4 Bxf4 21.Nd4 Rf6 22.Rae1 Ng6
23.Ne6 Qf7 24.Qe2 Bd6 25.Ng5 Qf8 26.Ne6 Qg8 27.Ng5 Nf4 28.Qe3 h6 29.Nf3 h5
30.Bd7 Rd8 31.Be8 Re6 32.Qxa7 Rdxe8 33.Qxb7 Rxe1 34.Rxe1 Rxe1+ 35.Nxe1 Qe6  0-1

[Event "Las Palmas"]
[Site "Las Palmas"]
[Date "1972.??.??"]
[Round "5"]
[White "Andersson, Ulf"]
[Black "Smyslov, Vassily"]
[Result "1/2-1/2"]
[WhiteElo "2535"]
[BlackElo "2620"]

1.Nf3 d5 2.g3 Nf6 3.Bg2 c6 4.b3 Bf5 5.Bb2 e6 6.O-O Be7 7.d3 h6 8.Nbd2 O-O
9.e3 Nbd7 10.Qe2 Bh7 11.e4 dxe4 12.dxe4 Qc7 13.Rfd1 Rfd8 14.e5 Ne8 15.Ne4 Nc5
16.Nfd2 Rd7 17.Nxc5 Bxc5 18.Ne4 Bxe4 19.Bxe4 Rad8 20.Rxd7 Qxd7 21.Bf3 Nc7
22.Rd1 Qxd1+ 23.Qxd1  1/2-1/2

[Event "NLD-ch"]
[Site "Leeuwarden"]
[Date "1972.??.??"]
[Round "6"]
[White "Hartoch, Robert G"]
[Black "Zuidema, Coenraad"]
[Result "1/2-1/2"]
[WhiteElo "2430"]
[BlackElo "2430"]

1.Nf3 d5 2.g3 c6 3.Bg2 Nf6 4.O-O Bf5 5.b3 e6 6.d3 Be7 7.Bb2 O-O 8.Nbd2 h6
9.e3 Bh7 10.Qe2 a5 11.a3 Nbd7 12.e4 Qb6 13.Rab1 Qa6 14.e5 Ne8 15.Rfe1 Nc7
16.Bf1 b5 17.h4 c5 18.Nh2 a4 19.Rbc1 b4 20.axb4 cxb4 21.Ng4 Rfc8 22.Ne3 a3
23.Ba1 Qb6 24.Bh3 Ra7 25.Nf3 Rd8 26.g4 Nb5 27.g5 hxg5 28.hxg5 Nf8 29.Kh2 Bc5
30.Ng4 Ng6 31.Qd2 Kf8 32.d4 Be7 33.Nf6 gxf6 34.gxf6 Bxf6 35.exf6 Ke8 36.Qxb4 Qd6+
37.Qxd6 Nxd6 38.Ng5 Nf8 39.Bg2 Rc7 40.c4 dxc4 41.bxc4 Nxc4 42.d5 Bf5 43.Rc3  1/2-1/2

[Event "NLD-ch"]
[Site "Leeuwarden"]
[Date "1972.??.??"]
[Round "8"]
[White "Hartoch, Robert G"]
[Black "Bohm, Hans"]
[Result "1/2-1/2"]
[WhiteElo "2430"]
[BlackElo "2250"]

1.g3 d5 2.Nf3 g6 3.Bg2 Bg7 4.O-O Nf6 5.d4 c6 6.c4 O-O 7.cxd5 Nxd5 8.e4 Nb6
9.Nc3 Bg4 10.Ne2 N8d7 11.Qc2 Bxf3 12.Bxf3 e5 13.Be3 exd4 14.Nxd4 Ne5 15.Be2 Nec4
16.Bxc4 Bxd4 17.Rad1 c5 18.b4 Nxc4 19.Qxc4 Qe7 20.Bxd4 cxd4 21.Rxd4 Rac8
22.Qd3 Rfd8 23.Rd1 Rxd4 24.Qxd4 b5 25.a3 a6 26.Rd3 Qe6 27.Qd5 Qh3 28.Rc3 h5
29.Rxc8+ Qxc8 30.Kg2 h4 31.gxh4 Qg4+ 32.Kf1 Qh3+ 33.Ke2 Qxa3 34.h5 gxh5 35.Qg5+ Kf8
36.Qd8+ Kg7 37.Qg5+ Kf8 38.Qc5+ Kg8 39.h4  1/2-1/2

[Event "URS-chT Moscow"]
[Site "Moscow"]
[Date "1972.??.??"]
[Round "?"]
[White "Manina"]
[Black "Alieva, Elvira"]
[Result "0-1"]
[WhiteElo "2000"]
[BlackElo "2000"]

1.Nf3 d5 2.g3 Nf6 3.Bg2 Bf5 4.d3 h6 5.Nbd2 c6 6.O-O e6 7.Re1 Be7 8.b3 O-O
9.Bb2 Nbd7 10.h3 a5 11.Ne5 a4 12.e4 Bh7 13.exd5 a3 14.Bc3 Nxd5 15.Bxd5 cxd5
16.Ndf3 Rc8 17.Qd2 Nxe5 18.Bxe5 f6 19.Bc3 e5 20.Rac1 Rc6 21.Kg2 Qc7 22.Ba1 Rd8
23.Qe2 Bb4 24.Red1 Rc8 25.c4 b5 26.Bc3 Bxc3 27.Rxc3 bxc4 28.dxc4 dxc4 29.bxc4 Qa5
30.Rdc1 Qb4 31.Rb3 Qc5 32.Nd2 Rd6 33.Rcc3 Rcd8 34.Nf3 e4 35.Rb5 exf3+  0-1

[Event "URS-chT Moscow"]
[Site "Moscow"]
[Date "1972.??.??"]
[Round "?"]
[White "Kozlov, V."]
[Black "Mikhalchishin, Adrian"]
[Result "1/2-1/2"]
[WhiteElo "2360"]
[BlackElo "2200"]

1.Nf3 d5 2.g3 c6 3.Bg2 Bg4 4.c4 Bxf3 5.Bxf3 Nf6 6.cxd5 cxd5 7.Nc3 e6 8.O-O Be7
9.e4 dxe4 10.Nxe4 Nc6 11.d4 O-O 12.Nxf6+ Bxf6 13.d5 exd5 14.Bxd5 Qb6 15.Qf3 Nd4
16.Qg2 Rad8 17.Bxb7  1/2-1/2

[Event "URS-chT Moscow"]
[Site "Moscow"]
[Date "1972.??.??"]
[Round "?"]
[White "Butnorius, Algimantas"]
[Black "Keres, Paul"]
[Result "0-1"]
[WhiteElo "2385"]
[BlackElo "2600"]

1.Nf3 d5 2.g3 c6 3.Bg2 Bg4 4.d3 Nd7 5.Nbd2 e6 6.O-O Bd6 7.b3 Ne7 8.Bb2 O-O
9.c4 a5 10.a3 b5 11.Qc2 e5 12.c5 Bc7 13.e4 d4 14.Kh1 Ng6 15.Ng1 Qg5 16.Ndf3 Qe7
17.b4 Ra7 18.h3 Be6 19.h4 Rfa8 20.Ng5 Ndf8 21.N5h3 Qe8 22.f4 exf4 23.h5 Ne7
24.Nxf4 f6 25.Nge2 Bg4 26.Qb3+ Kh8 27.Kg1 Bxe2 28.Nxe2 Qxh5 29.Bf3 Qg5 30.Kg2 Neg6
31.Rh1 Nf4+ 32.Nxf4 Bxf4 33.g4 Be5 34.Bc1 Qg6 35.Bb2 axb4 36.axb4 Rxa1 37.Rxa1 Rxa1
38.Bxa1 h5 39.Qd1 Ne6 40.Kf1 Qg5 41.gxh5  0-1

[Event "URS-chT Moscow"]
[Site "Moscow"]
[Date "1972.??.??"]
[Round "?"]
[White "Giterman, Shlomo"]
[Black "Khuseinov, A."]
[Result "1-0"]
[WhiteElo "2200"]
[BlackElo "2200"]

1.Nf3 d5 2.g3 Nf6 3.Bg2 g6 4.O-O Bg7 5.d4 O-O 6.c4 c6 7.b3 Re8 8.Bb2 Bf5
9.Nbd2 Be4 10.Nxe4 Nxe4 11.Ne5 Nf6 12.Nd3 Nbd7 13.e3 e6 14.f3 Nh5 15.Rc1 f5
16.e4 Bh6 17.Rc2 Be3+ 18.Kh1 f4 19.Re2 g5 20.Rxe3 fxe3 21.Qe2 Qf6 22.Qxe3 Ng7
23.f4 g4 24.Ne5 Nxe5 25.fxe5 Qd8 26.exd5 cxd5 27.cxd5 exd5 28.Ba3 Rc8 29.Qf4 Qd7
30.Bd6 Qe6 31.Qf6 Kh8 32.Kg1 h6 33.Qh4 Nf5 34.Rxf5 Qxf5 35.Qxh6+ Qh7 36.Qf6+ Qg7
37.Qh4+ Qh7 38.Qf6+ Qg7 39.Qh4+ Qh7 40.Qxh7+ Kxh7 41.Bxd5 Kg7 42.Bxb7 Rc1+
43.Kf2 Rc2+ 44.Ke3 Rxa2 45.Kf4 Rxh2 46.Kxg4 Rf2 47.b4 Re6 48.Be4 Rxd6 49.exd6 Kf6
50.d5 Rb2 51.Kf4 Rxb4 52.g4 a5 53.g5+ Kf7 54.Ke5 Rb3 55.g6+ Ke8 56.g7 Kf7
57.d7 Rb8 58.Kd6 Ra8 59.Kc7 Ra7+ 60.Kc8 Ra8+ 61.Kb7 Rg8 62.Kc7 Rxg7 63.d8=Q  1-0

[Event "Rubinstein mem"]
[Site "Polanica Zdroj"]
[Date "1972.??.??"]
[Round "1"]
[White "Liebert, Heinz"]
[Black "Kostro, Jerzy"]
[Result "1/2-1/2"]
[WhiteElo "2400"]
[BlackElo "2390"]

1.Nf3 d5 2.g3 Nf6 3.Bg2 g6 4.c4 c6 5.cxd5 cxd5 6.d4 Bg7 7.O-O O-O 8.Nc3 Ne4
9.Ne5 Bf5 10.Nxe4 Bxe4 11.f3 Bf5 12.Be3 Nd7 13.Nxd7 Qxd7 14.Qd2 Rac8 15.Rfc1 b6
16.b3 Rxc1+ 17.Rxc1 Rc8 18.Rxc8+  1/2-1/2

[Event "Skopje ol (Men) fin-A"]
[Site "Skopje"]
[Date "1972.??.??"]
[Round "1"]
[White "Schmidt, Wlodzimierz"]
[Black "Pomar Salamanca, Arturo"]
[Result "1/2-1/2"]
[WhiteElo "2450"]
[BlackElo "2460"]

1.Nf3 d5 2.g3 c5 3.Bg2 Nf6 4.O-O Nc6 5.d4 e6 6.c4 dxc4 7.Qa4 Bd7 8.dxc5 Bxc5
9.Qxc4 Qe7 10.Nc3 Bb6 11.e4 Rc8 12.Qe2 h6 13.Be3 Bxe3 14.Qxe3 O-O 15.e5 Nd5
16.Nxd5 exd5 17.Rad1 d4 18.Nxd4 Qxe5 19.Qxe5 Nxe5 20.Rfe1 Rfe8 21.Re3  1/2-1/2

[Event "Skopje ol (Men) fin-C"]
[Site "Skopje"]
[Date "1972.??.??"]
[Round "1"]
[White "Williams, Arthur H"]
[Black "Martinez, E."]
[Result "1-0"]
[WhiteElo "2390"]
[BlackElo "2200"]

1.Nf3 d5 2.g3 g6 3.Bg2 Bg7 4.c4 c6 5.cxd5 cxd5 6.d4 Nc6 7.O-O Qb6 8.Nc3 e6
9.e4 dxe4 10.Nxe4 Nxd4 11.Be3 e5 12.Re1 Ne7 13.Nxd4 exd4 14.Bg5 f6 15.Bf4 O-O
16.Bd6 Qd8 17.Qxd4 Rf7 18.Qc4 Nf5 19.Rad1 Bd7 20.Ba3 Qc8 21.Qxc8+ Rxc8 22.g4 Nh4
23.Nd6 Nxg2 24.Kxg2 Bf8 25.Nxc8 Bxa3 26.bxa3  1-0

[Event "Skopje ol (Men) prel"]
[Site "Skopje"]
[Date "1972.??.??"]
[Round "3"]
[White "Liebert, Heinz"]
[Black "Onat, Ilhan"]
[Result "1-0"]
[WhiteElo "2400"]
[BlackElo "2320"]

1.Nf3 d5 2.g3 Nf6 3.Bg2 Bg4 4.O-O c6 5.d3 e6 6.Nbd2 Nbd7 7.e4 Be7 8.Qe2 Ne5
9.h3 Nxf3+ 10.Nxf3 Bxf3 11.Qxf3 O-O 12.Qe2 dxe4 13.dxe4 e5 14.Be3 Nd7 15.Rfd1 Qc7
16.h4 Rfd8 17.c3 a5 18.a4 Nc5 19.Qc2 b6 20.Bf3 h6 21.Kg2 Qb7 22.Rxd8+ Rxd8
23.Be2 Ne6 24.Rd1 Rxd1 25.Bxd1 Bc5 26.Bc1 Qe7 27.Bg4 Qf6 28.Qe2 Nd8 29.Bd2 Nb7
30.Bd7 Qd6 31.Bc8 Nd8 32.Bg4 Ne6 33.Be1 g6 34.Qd2 Qxd2 35.Bxd2 h5 36.Bxe6 fxe6
37.Kf3 Kf7 38.Be3 Bxe3 39.Kxe3 Ke7 40.Kd3 b5 41.b4 axb4 42.axb5 bxc3 43.b6 Kd7
44.Kxc3 c5 45.Kc4 Kc6 46.b7 Kxb7 47.Kxc5 Kc7 48.Kb5 Kd7 49.Kb6 Kd6 50.Kb5 Kd7
51.Kc5 Kc7 52.f3 Kd7 53.f4 exf4 54.gxf4 e5 55.fxe5 g5 56.hxg5 h4 57.g6 Ke6
58.g7 Kf7 59.e6+ Kxg7 60.Kd6 h3 61.e7 h2 62.e8=Q h1=Q 63.Qe5+ Kf8 64.Ke6 Qb1
65.Qh8+  1-0

[Event "Skopje ol (Men) prel"]
[Site "Skopje"]
[Date "1972.??.??"]
[Round "5"]
[White "Andersson, Ulf"]
[Black "Williams, Arthur H"]
[Result "1-0"]
[WhiteElo "2535"]
[BlackElo "2390"]

1.Nf3 d5 2.g3 Nf6 3.Bg2 g6 4.c4 c6 5.b3 Bg7 6.Bb2 O-O 7.O-O a5 8.d4 Bf5 9.Nbd2 Ne4
10.Nh4 Nxd2 11.Qxd2 Be6 12.Rac1 a4 13.Qb4 axb3 14.Qxb7 Rxa2 15.Qxb3 Qa5 16.cxd5 Bxd5
17.Bxd5 Qxd5 18.Qxd5 cxd5 19.Rb1 Nc6 20.e3 Rb8 21.Bc3 Rxb1 22.Rxb1 Rc2 23.Rb3 e6
24.Nf3 Bf6 25.Ne1 Rc1 26.Kg2 Bd8 27.Nd3 Rc2 28.Kf3 h5 29.h3 Kg7 30.g4 hxg4+
31.hxg4 Bh4 32.Be1 Bd8 33.Ra3 g5 34.Ra8 Be7 35.Ra6 Nb8 36.Rb6 Nc6 37.Kg2 Rc4
38.Rb7 Kf6 39.Kf1 Rc2 40.Ne5 Nd8 41.Rd7 Rb2 42.Ba5 Nb7 43.Bc7 Rb1+ 44.Kg2 Rb2
45.Nd3  1-0

[Event "Skopje ol (Men) fin-B"]
[Site "Skopje"]
[Date "1972.??.??"]
[Round "6"]
[White "Keene, Raymond D"]
[Black "Rodriguez Vargas, Orestes"]
[Result "0-1"]
[WhiteElo "2435"]
[BlackElo "2425"]

1.Nf3 d5 2.g3 c5 3.c4 e6 4.Bg2 Nf6 5.cxd5 exd5 6.d4 Nc6 7.O-O Be7 8.dxc5 Bxc5
9.Bg5 O-O 10.Nc3 d4 11.Ne4 Be7 12.Bxf6 Bxf6 13.Ne1 Bf5 14.Rc1 Be7 15.Nc5 Qb6
16.Nb3 Rad8 17.Bxc6 bxc6 18.Nd3 Rfe8 19.Qd2 h6 20.h4 Bd6 21.Nbc5 Qc7 22.Kg2 Qe7
23.Rfe1 Rb8 24.b4 Qf6 25.Rc4 g5 26.Rh1 Bg4 27.hxg5 hxg5 28.f3 Re3 29.Nf2 Bxf3+
30.exf3 Qxf3+ 31.Kf1 Rbe8 32.Nd3 Bxg3 33.Rg1 Bh4 34.Rc2 Rxd3 35.Qxd3 Re1+
36.Kxe1 Qxd3 37.Rxg5+ Kf8 38.Rgc5 Qf3 39.Rd2 d3 40.Kf1 Bxf2  0-1

[Event "Skopje ol (Men) fin-A"]
[Site "Skopje"]
[Date "1972.??.??"]
[Round "6"]
[White "Jakobsen, Ole"]
[Black "Rubinetti, Jorge A"]
[Result "1-0"]
[WhiteElo "2440"]
[BlackElo "2410"]

1.Nf3 d5 2.g3 c6 3.b3 Bg4 4.Bg2 Nd7 5.Bb2 Ngf6 6.d3 e6 7.Nbd2 Be7 8.O-O O-O
9.e4 a5 10.a4 Qb6 11.h3 Bh5 12.Kh1 Rfd8 13.e5 Ne8 14.Qe1 Bxf3 15.Nxf3 Nc7
16.h4 Na6 17.Qe2 Rdb8 18.Nh2 Re8 19.f4 Bf8 20.f5 exf5 21.Rxf5 f6 22.Ng4 Nxe5
23.Rxf6 Nxg4 24.Qxg4 Qb4 25.Rf4 Qe7 26.Raf1 Nc5 27.Bh3 b6 28.Rf6 Qd7 29.Qxd7 Nxd7
30.Rxc6 Nc5 31.Bg2 Rad8 32.Bf3 Rd6 33.Rxd6 Bxd6 34.Bxd5+ Kh8 35.Kg2 Re2+
36.Rf2 Rxf2+ 37.Kxf2 Na6 38.Bc4 Nb4 39.Bd4 Nxc2 40.Bxb6 Bb4 41.d4  1-0

[Event "Skopje ol (Men) fin-C"]
[Site "Skopje"]
[Date "1972.??.??"]
[Round "6"]
[White "Benitez, Francisco"]
[Black "Silva, Fernando"]
[Result "0-1"]
[WhiteElo "2200"]
[BlackElo "2295"]

1.Nf3 d5 2.g3 e6 3.Bg2 Nf6 4.O-O Be7 5.d3 c5 6.Nbd2 Nc6 7.e4 b6 8.Ne1 Bb7
9.f4 dxe4 10.Nxe4 Qd7 11.c3 O-O 12.Be3 Rad8 13.Qe2 Nd5 14.Bf2 f5 15.Nd2 Bf6
16.Nc4 Ba6 17.Nf3 Rfe8 18.Rac1 Nde7 19.Rfd1 Ng6 20.Qc2 e5 21.fxe5 Ngxe5 22.Nfxe5 Nxe5
23.Nxe5 Bxe5 24.d4 cxd4 25.cxd4 Bd6 26.Bc6 Qf7 27.Bxe8 Rxe8 28.Qb3 Qxb3 29.axb3 Bb7
30.Ra1 a6 31.Re1 Rd8 32.Re3 Kf7 33.Rc3 g5 34.Rac1 Bd5 35.Rc8 Rd7 36.Ra1 f4
37.Rf1 Bxb3 38.gxf4 gxf4 39.Be3 Ke6 40.Bxf4 Rg7+ 41.Bg3 Bxg3 42.hxg3 Rxg3+
43.Kf2 Rh3 44.Rg1 b5 45.Rc3 Rxc3 46.bxc3 a5 47.Ke3 a4 48.Rh1 a3 49.Rxh7 a2
50.Ra7 Ba4  0-1

[Event "Skopje ol (Men) fin-C"]
[Site "Skopje"]
[Date "1972.??.??"]
[Round "6"]
[White "Carpinter, Anthony Lawrence"]
[Black "Teboudi, K."]
[Result "1-0"]
[WhiteElo "2200"]
[BlackElo "2200"]

1.Nf3 d5 2.g3 Nf6 3.Bg2 c5 4.O-O Nc6 5.d4 e6 6.c4 Be7 7.cxd5 exd5 8.Nc3 O-O
9.b3 a6 10.Bb2 Be6 11.Rc1 Qa5 12.dxc5 Bxc5 13.Na4 Be7 14.Nd4 Nxd4 15.Qxd4 b5
16.Bc3 b4 17.Bb2 Rac8 18.Qb6 Qxb6 19.Nxb6 Rxc1 20.Rxc1 Rb8 21.Bxf6 Bxf6 22.Nxd5 Bxd5
23.Bxd5 Bc3 24.Rd1 Kf8 25.Bc4 Ke7 26.Rd5 f6 27.Ra5 Ra8 28.Bxa6 Kd6 29.Ra4 Kc5
30.Bd3 Rxa4 31.bxa4 h6 32.Kg2 Bd2 33.Kf3 Bc3 34.Ke4 g6 35.Kf4 Be5+ 36.Kf3 b3
37.axb3 Kb4 38.Bxg6 Bc7 39.Bf7 Bb6 40.e3 Ba5 41.Ke4 Kc3  1-0

[Event "Skopje ol (Men) fin-C"]
[Site "Skopje"]
[Date "1972.??.??"]
[Round "6"]
[White "Kaplan, Julio P"]
[Black "Ribeiro, Joao Mario"]
[Result "1-0"]
[WhiteElo "2470"]
[BlackElo "2300"]

1.Nf3 d5 2.g3 c5 3.Bg2 Nc6 4.d4 e6 5.O-O Nf6 6.c4 Be7 7.cxd5 exd5 8.Nc3 h6
9.b3 O-O 10.Bb2 Be6 11.Rc1 Rc8 12.Na4 cxd4 13.Nxd4 Nxd4 14.Qxd4 Rxc1 15.Rxc1 Qb8
16.Nc3 Rd8 17.h3 b6 18.Qd3 Qb7 19.Nb5 Rd7 20.Qc2 Ne8 21.Qc8 Bd8 22.Ba3 a6
23.Nd4 Nd6 24.Bxd6 Qxc8 25.Rxc8 Rxd6 26.Ra8 b5 27.e4 Kh7 28.e5 Rd7 29.Rxa6 Be7
30.Nxe6 fxe6 31.Rxe6 b4 32.Bxd5 Rxd5 33.Rxe7 Ra5 34.Rb7  1-0

[Event "Skopje ol (Men) prel"]
[Site "Skopje"]
[Date "1972.??.??"]
[Round "6"]
[White "Haik, Aldo"]
[Black "Hase, Juan C"]
[Result "1-0"]
[WhiteElo "2200"]
[BlackElo "2200"]

1.Nf3 d5 2.g3 Nf6 3.Bg2 c5 4.O-O Nc6 5.d3 g6 6.Nbd2 Bg7 7.e4 O-O 8.Re1 e6
9.c3 b6 10.e5 Ne8 11.Nf1 f6 12.exf6 Bxf6 13.Ne3 Bg7 14.Ng4 Qd6 15.Qe2 Nc7
16.Bh6 Bd7 17.Bxg7 Kxg7 18.Qe3 Rae8 19.h4 e5 20.Qh6+ Kg8 21.Ng5 Re7 22.Ne3 Rg7
23.c4 dxc4 24.dxc4 Nd4 25.Nd5 Bc6 26.Ne4 Qd8 27.Nec3 Bxd5 28.Nxd5 Qd6 29.Rad1 Rgf7
30.Nxc7 Rxc7 31.h5 Re8 32.Be4 Qf8 33.Bd5+ Kh8 34.Qxf8+ Rxf8 35.Rxe5 Kg7 36.Rde1 gxh5
37.Re7+ Rxe7 38.Rxe7+ Kh6 39.Rxa7 h4 40.gxh4 Rf4 41.Rb7 Rxh4 42.Rxb6+ Kg5
43.a4 Kf4 44.a5 Nf3+ 45.Bxf3 Kxf3 46.b3 Rd4 47.Rc6 Rd1+ 48.Kh2 Rb1 49.a6 Ra1
50.Rxc5 Rxa6 51.Rf5+ Ke4 52.Rh5 Kd4 53.Rxh7 Rb6 54.Rh3  1-0

[Event "Skopje ol (Men) fin-A"]
[Site "Skopje"]
[Date "1972.??.??"]
[Round "9"]
[White "Schmidt, Wlodzimierz"]
[Black "Donner, Jan Hein"]
[Result "1/2-1/2"]
[WhiteElo "2540"]
[BlackElo "2470"]

1.Nf3 d5 2.g3 g6 3.c4 c6 4.cxd5 cxd5 5.d4 Bg7 6.Bg2 Nf6 7.O-O O-O 8.Nc3 Nc6
9.Ne5 e6 10.Bg5 h6 11.Nxc6 bxc6 12.Bf4 Nd7 13.Qd2 g5 14.Be3 e5 15.dxe5 Nxe5
16.b3 Qf6 17.Rfd1 Re8 18.Bd4 Qg6 19.Rac1 h5 20.e4 Bg4 21.Bxe5 Bxe5 22.Re1 Bxc3
23.Rxc3  1/2-1/2

[Event "Stary Smokovec"]
[Site "Stary Smokovec"]
[Date "1972.??.??"]
[Round "2"]
[White "Novak, Ivan"]
[Black "Cibulka, Vladimir"]
[Result "1/2-1/2"]
[WhiteElo "2200"]
[BlackElo "2200"]

1.Nf3 d5 2.g3 Nf6 3.Bg2 Bf5 4.O-O c6 5.d3 h6 6.Nbd2 e6 7.b3 Be7 8.Bb2 O-O
9.e3 a5 10.a4 Na6 11.Nd4 Bh7 12.f4 Nb4 13.Kh1 Nd7 14.e4 Bf6 15.e5 Be7 16.Bh3 c5
17.Nb5 Nb6 18.Nf3 Qd7 19.Qe2 d4 20.Rf2 N6d5 21.Rg1 Ne3 22.Na3 Rfc8 23.Bg2 Nxg2
24.Rgxg2 Nd5 25.Bc1 Nc3 26.Qe1 b5 27.axb5 Nxb5 28.Nxb5 Qxb5 29.g4 a4 30.bxa4 Rxa4
31.g5 h5 32.Nh4 Ra1 33.Rf1 Qc6 34.g6 Bxg6 35.Nxg6 fxg6 36.Qg3 g5 37.Rg1 g6
38.h3 Rb8 39.Kh2 Rbb1 40.f5 exf5 41.Bxg5 Rxg1 42.Rxg1 Rxg1 43.Qxg1 Kf7 44.Bxe7 Kxe7
45.Qg5+ Kf7 46.Qd8 Qe6 47.Qh8 f4 48.Qh7+ Ke8 49.Qc7 Qe7 50.Qc6+ Kf7 51.Qd5+ Kg7
52.e6 Kf6 53.h4 Qxe6 54.Qg5+ Kg7 55.Qxf4 Qe2+ 56.Kg3 Qe1+ 57.Kg2 Qe7 58.Kg3 Qd7
59.Kh2 Qf5 60.Qxf5 gxf5 61.Kg3 Kf7 62.Kf3 Ke6 63.Kg3 Ke5 64.Kf3  1/2-1/2